LEADER 01015nam a2200229 u 4500 001 000000018545 003 CaOOAMICUS 005 20070226110704.0 008 940723s1627 it i u000 u lat u 035 $a10438486 040 $aPUL(R)$bita 100 1 $aLavori, Giulio,$dsec. XVI-XVII.$0(OLS)http://pul/name/16477 245 10$aDe indulgentiis tractatus in duas partes divisus.. 260 $aRomae :$bsecundo impressus sumptibus Ioannis Francisci Corbelletti,$c1627. 300 $a[12], 130 p. :$bstemma, ;$c22 cm 500 $aFrontespizio inciso con stemma. 650 4$aIndulgenze.$0(OLS)http://pul/subject/2994 850 $aPUL 852 $aPUL$W1$xDP1 Antico 600$y25$m39 F 16$j26114$nBK-PRI$b $qStampati Antico$B26114$CPULBib$Z2$F26114 $H $81 941 1 $a15 996 $6245$aDe indulgentiis tractatus in duas partes divisus..$9(OLS)http://pul/title/26398 996 $6260$aRomae :$bsecundo impressus sumptibus Ioannis Francisci Corbelletti$9(OLS)http://pul/publisher/55778 LEADER 01146nam a2200289 u 4500 001 000000092235 003 CaOOAMICUS 005 20070226124921.0 008 060517s2005 fr u000 u fre u 020 $a2-7110-0600X 035 $a11089377 040 $aPUL$bita 245 00$aCode Pénal 2006 /$créalisée par Hervé Pellettier et Jean Perfetti. 260 $aParis :$bLitec,$c2005. 300 $axxii, 1582 p. ;$c20 cm 490 1 $aLes Codes bleus Litec 500 $aInclude indice. 650 4$aDiritto penale$zFrancia.$0(OLS)http://pul/subject/1812 700 1 $aPerfetti, Jean.$0(OLS)http://pul/name/59479 700 1 $aPellettier, Hervé.$0(OLS)http://pul/name/59478 830 4$aLes Codes bleus Litec.$0(OLS)http://pul/title/119055 850 $aPUL 852 $aPUL$W1$xDP2 Diritto e Scienze Sociali 3$y110$m345. 44 PELHE 1$j116033$nBK-PRI$qDDC 21$B116033$CPULBib$Z2$F116033 $HPUL100581 $82 941 1 $a9 996 $6020$a2-7110-0600X$9(OLS)http://pul/number/121121 996 $6245$aCode Pénal 2006$9(OLS)http://pul/title/119056 996 $6260$aParis :$bLitec$9(OLS)http://pul/publisher/79073